000 00299 a2200085 4500
082 _a363.125 TRL
245 _aSafe Feet A Road Safety Education Resource for Teachers of Standard 1 /
_cTransport Research Laboratory
260 _aUK :
_bTransport Research Laboratory,
300 _avarious Pages
_bill. ;
_c30 cm
650 _aRoad Safety
999 _c2294
_d2294